00678nam a2200181 i 450000100060000000300090000600500170001500700030003200800410003510000270007624500820010326000870018530000270027250000360029985200200033599900170035595201240037237497ES-MaACL20230906155603.0t|030311s1874 sp ||||1| spa d1 aCoello, Carlos.93945610aRoque Guinart b: drama en tres actos y en verso / cCarlos Coello y Pacheco. aMadrid : b[s.n., c1874?] (fImprenta de la Biblioteca de Instrucción y Recreo) aXXI, 132 p. ; c17 cm. aEn p. 132 consta el año 1874. aES-MaACLjD-341 c37497d37497 001040708LIBXIXaATENEOMbATENEOMcSVId2008-01-17eSCl0oD-341p901039464r2023-02-23 00:00:00w2023-02-23yMONANT